| 000 | 00795nam a2200217 i 4500 | ||
|---|---|---|---|
| 001 | 181983 | ||
| 003 | ES-MaACL | ||
| 005 | 20251002203457.0 | ||
| 008 | 130520q1881 fr |||| | fre d | ||
| 080 | _a821.111-31"18" | ||
| 100 | 1 |
_aDickens, Charles. _944489 |
|
| 245 | 1 | 3 |
_aLe marchand d'antiquités / _cpar Charles Dickens ; traduction de La Bédollière. |
| 260 |
_aParis : _bG. Barba, _c[ca. 1881] ( _fTyp. Plon) |
||
| 300 |
_a80 p. : _bil. ; _c30 cm. |
||
| 490 | 1 | _aRomans populaires illustrés | |
| 594 | _aDatos tomados del principio del texto. | ||
| 700 | 1 |
_aLa Bédollière, Émile de, _d1812-1883 _9152767 |
|
| 830 | 1 |
_aRomans populaires illustrés _9182208 |
|
| 852 | 4 |
_aES-MaACL _jR-1705(10) _z- Ejemp. falto de port. _z- Enc. en un vol. facticio |
|
| 999 |
_c181983 _d181983 |
||